الاتجاهات الاستراتيجيه لتعزيز خدمات التمريض والقبالة / (Record no. 16746)
[ view plain ]
| 000 -الفاتح | |
|---|---|
| حقل البيانات ثابتة الطول | 00887nam a22001937a 4500 |
| 008 - عناصر البيانات ثابتة الطول - معلومات عامة | |
| حقل البيانات ثابتة الطول | 120605s2002 sz|||||r|||| 00| 0 ara d |
| 020 ## - الرقم الدولى المعيارى للكتب | |
| الرقم الدولى المعيارى للكتاب | 924156217X |
| 082 ## - رقم تصنيف ديوى العشرى | |
| رقم الطبعة | 22 |
| رقم التصنيف | 610.73 |
| رقم المادة | ا ت ج |
| 110 ## - المدخل الرئيسى - إسم هيئة | |
| 9 (RLIN) | 30010 |
| اسم الهيئة أو اسم السلطة كمدخل | منظمة الصحة العالمية |
| 245 ## - بيان العنوان | |
| العنوان | الاتجاهات الاستراتيجيه لتعزيز خدمات التمريض والقبالة / |
| بيان المسئوليه,etc | منظمة الصحة العالمية |
| 260 ## - PUBLICATION, DISTRIBUTION, ETC. (IMPRINT) | |
| مكان الناشر او الموزع | جنيف : |
| اسم الناشر او الموزع | بسكال ريتشارد، |
| تاريخ النشر أو التوزيع | 2002. |
| 300 ## - الوصف المادى | |
| التعداد | 49 ص.: |
| تفاصيل ماديه اخرى للوعاء | ايض. ؛ |
| أبعاد الوعاء | 26 سم. |
| 504 ## - تبصرة ببليوجرافية | |
| تبصرة ببليوجرافية,الخ | يشتمل على ارجاعات ببليوجرافية. |
| 541 ## - تبصرة المصدر المباشر للتزويد | |
| مصدر التزويد | Donation from Dr. Shahraze |
| 650 ## - المدخل الاضافى بالموضوع-مصطلح موضوعى | |
| 9 (RLIN) | 30011 |
| مصطلح موضوعي أو اسم جغرافي كعنصر مدخل | التمريض |
| 653 ## - مصطلح تكشيفى غير مقيد | |
| Resource For college | |
| Arrived date list | June2012 |
| 942 ## - عناصر المدخل الإضافي( كوها) | |
| مصدر التصنيف او مخطط الترفيف | Dewey Decimal Classification |
| Koha [default] item type | |
| حالة التراجع | حالة الفقد | مصدر التصنيف او خطة الترفيف | حالة تلف | ليس للاعارة | مجموعات كوها | المكان الدائم | المكان الحالي | موقع الترفيف | تاريخ الاكتساب | Source of acquisition | رقم الاستدعاء | الباركود | Date last seen | مُعار | نوع الوعاء |
|---|---|---|---|---|---|---|---|---|---|---|---|---|---|---|---|
| Dewey Decimal Classification | Donation-Gift | Central Library | Central Library | First floor | 05/06/2012 | Purchase | 610.73 ا ت ج | 000026788 | 15/07/2025 | 13/10/2018 | Book - Borrowing |